MARC

LEADER 00000nam0a2200000 4500
001 357605
005 20231102011017.0
035 |a (RuTPU)RU\TPU\retro\14873 
090 |a 357605 
100 |a 20200806d1910 m y0rusy50 ca 
101 0 |a rus 
102 |a UA 
105 |a a j 000zy 
200 1 |a Учебник химии для средних учебных заведений  |e с 68 рисунками в тексте  |f М. П. Дукельский 
210 |a Киев  |c Издание Пироговского Т-ва  |d 1910 
215 |a 178 с.  |c ил. 
300 |a Текст в русской дореформенной орфографии 
316 |5 63413507: 23//416  |a На титульном листе владельческий штамп: "изъ книг К. П. Гринаковского" 
316 |5 63413507: 23//416  |a Пометы в тексте 
317 |5 63413507: 23//416  |a Поступил в НТБ в 1921 г. по счету К. П. Гринаковского 
606 1 |a Химия  |2 stltpush  |3 (RuTPU)RU\TPU\subj\17362  |9 43035 
610 1 |a учебники 
610 1 |a химические измерения 
610 1 |a химические вещества 
610 1 |a вода 
610 1 |a водород 
610 1 |a кислород 
610 1 |a воздух 
610 1 |a молекулы 
610 1 |a атомы 
610 1 |a вес 
610 1 |a сера 
610 1 |a химические соединения 
610 1 |a поваренная соль 
610 1 |a соляная кислота 
610 1 |a хлор 
610 1 |a фтор 
610 1 |a азот 
610 1 |a мышьяк 
610 1 |a фосфор 
610 1 |a углерод 
610 1 |a углеводороды 
610 1 |a нефть 
610 1 |a углеводы 
610 1 |a жиры 
610 1 |a кремний 
610 1 |a стекло 
610 1 |a натрий 
610 1 |a калий 
610 1 |a цинк 
610 1 |a ртуть 
610 1 |a медь 
610 1 |a серебро 
610 1 |a золото 
610 1 |a платина 
610 1 |a алюминий 
610 1 |a железо 
610 1 |a хром 
610 1 |a свинец 
610 1 |a периодическая система элементов 
610 1 |a Коллекция К. П. Гринаковского 
610 1 |a владельческие надписи 
610 1 |a владельческие знаки 
675 |a 54(075.4)  |v 4 
700 1 |a Дукельский  |b М. П. 
801 1 |a RU  |b 63413507  |c 20200806 
801 2 |a RU  |b 63413507  |c 20210527  |g RCR 
942 |c BK